| 000 | 00632nam a2200241Ia 4500 | ||
|---|---|---|---|
| 003 | OSt | ||
| 005 | 20221005085251.0 | ||
| 006 | a|||||r|||| 00| 0 | ||
| 007 | ta | ||
| 008 | 221004b |||||||| |||| 00| 0 eng d | ||
| 024 | _a29822 | ||
| 037 | _cTextual | ||
| 040 |
_aCRL _cCRL _beng |
||
| 041 |
_2eng _aeng |
||
| 082 | _aL:472562:6, M3 | ||
| 100 |
_aGlassman Judith _9614089 |
||
| 245 | 0 | _aCancer survivors and how they did it | |
| 260 |
_aNew York _bDial Press _c1983 |
||
| 300 |
_a414p _ccm. |
||
| 650 | _aMEDICINE | ||
| 942 |
_hL:472562:6, M3 _cTEXL _2cc |
||
| 999 |
_c993966 _d993966 |
||